The Big Board: Fantasy Characters Quiz Stats

 Plays Quiz Updated Jan 2, 2018

Challenge
Share
Tweet
Score 0/36 Timer 07:00
6 Plays Today
Hint Answer % Correct
Name the Potter characters with 1-syllable surnames who aren't Sirius Black.
100%
Provide the Star Wars family member specified by each clue.
99.9%
Name the missing character being addressed by Gandalf in these LoTR quotes.
99.9%
Identify the Game of Thrones characters pictured with Tyrion Lannister.
99.9%
Given the names of three prominent characters, identify the fantasy series/franchise.
99.9%
Name the fantasy films in which you'd find Johnny Depp playing these parts.
99.9%
Luke Skywalker
93%
Severus Snape
89.3%
Edward Scissorhands
85.2%
Alice in Wonderland
82.4%
Han Solo
81.7%
Frodo Baggins
79.3%
The Chronicles of Narnia
75.1%
Padmé Amidala
75.1%
Cho Chang
74.6%
Ser Jaime Lannister
69%
Cersei Lannister
67.7%
Sansa Stark
66.9%
Hint Answer % Correct
Argus Filch
66%
Star Trek
65.6%
Samwise Gamgee
64.8%
Corpse Bride
59.5%
Jango Fett
58.4%
Aragorn
58%
Barty Crouch, Sr.
55.1%
Pomona Sprout
54.1%
Bronn
53.1%
Varys
50.7%
Buffy the Vampire Slayer
50.6%
Saruman
49.6%
Fantastic Beasts and Where to Find Them
48.6%
Doctor Who
44.6%
Faramir
41.1%
Aunt Beru
40.8%
The Dark Tower
40%
Sleepy Hollow
37.8%

You're not logged in!

Compare scores with friends on all Sporcle quizzes.
Join for Free
OR
Log In

You Might Also Like...

Show Comments

Extras

Top Quizzes Today


Score Distribution

Your Account Isn't Verified!

In order to create a playlist on Sporcle, you need to verify the email address you used during registration. Go to your Sporcle Settings to finish the process.

Report this User

Report this user for behavior that violates our Community Guidelines.

Details: